000 00658nam a2200193Ia 4500
003 IN-BaIIA
008 211028s9999 xx 000 0 eng d
040 _cIIA Library
080 _a083.7:69.003.1332
_bISI
110 _aIndian Standards Institution
245 0 _aIndian standard method of measurement of building and civil enginering works
_bpt. 18, demolition and dismantling
_cIndian Standards Institution
260 _aNew Delhi
_bIndian Standards Institution
_c1975
300 _a9p.
500 _aIS 1200 : Part 18 : 1974
650 _a Demolition Buildings-Standards
_98832
650 _a Standards 
650 _aNASA Thesaurus 
942 _cBK
999 _c5148
_d5148